000 00631nam a2200193 i 4500
001 79087
003 ES-MaACL
005 20230906173910.0
007 t|
008 041019s1963 sp ||||1| val d
100 1 _aHernández-Casajuana, Fausto.
_962904
245 1 0 _aTeatre Valenciá /
_coriginals de Fausto Hernández-Casajuana.
260 _aValencia :
_b[s.n.,
_c1963] (
_fSucs. de Vives Mora)
300 _a83 p. ;
_c20 cm.
505 8 _aContiene: La bella dona : Comedia en dos actes ; Opera flamenca : Sainet en un acte
740 0 _aOpera flamenca.
740 3 _aLa bella dona.
852 _aES-MaACL
_jC-24917
_bR.53071
999 _c79087
_d79087